| 000 | 00733cam a2200253 a 4500 | ||
|---|---|---|---|
| 001 | 000009578 | ||
| 005 | 20200929161630.0 | ||
| 008 | 920309s1995 sp 001 0 spa | ||
| 020 | _a8420480797 | ||
| 040 |
_aDO-SdBNP _cDLC _dDLC |
||
| 082 |
_a863.64 _bP438t, 1995 |
||
| 100 | 1 |
_aPérez Reverte, Arturo, _d1951- _912816 |
|
| 245 | 1 | 3 |
_aLa tabla de Flandes / _cArturo Pérez-Reverte. |
| 250 | _a22a ed. | ||
| 260 |
_aMadrid : _bAlfaguara ; _bSantillana, _c1995. |
||
| 300 |
_a416 p. ; _c22 cm. |
||
| 490 | 1 |
_aAlfaguara bolsillo _v22 |
|
| 650 | 4 |
_aNovela española _91123 |
|
| 650 | 4 |
_aNovela española _91123 |
|
| 830 | 0 |
_aAlfaguara bolsillo _v22 _94125 |
|
| 910 | _aCatalogación por copia / LC | ||
| 910 | _aWM | ||
| 049 | _aBNGR | ||
| 999 |
_c9338 _d9338 |
||